Cleveland Browns QBs Since 1999 - Statistics

General Stats
  • This quiz has been taken 7,679 times
    3,835 since last reset
  • The average score is 12 of 42
Answer Stats
Years Quarterback % Correct
2025 Shedeur Sanders
87%
2023, 25 Joe Flacco
86%
2018–21 Baker Mayfield
84%
2022–24 Deshaun Watson
81%
2025 Dillon Gabriel
68%
2014–15 Johnny Manziel
62%
1999–03 Tim Couch
49%
2024 Jameis Winston
40%
2017 DeShone Kizer
38%
2023–24 Dorian Thompson- Robinson
35%
2018 Tyrod Taylor
30%
2012–13 Brandon Weeden
28%
2008–09 Brady Quinn
27%
2022 Jacoby Brissett
27%
2015–16 Josh McCown
27%
2004 Luke McCown
27%
2006–09 Derek Anderson
26%
2013–14 Brian Hoyer
24%
2010–11 Colt McCoy
24%
2016 Robert Griffin III
24%
2021 Case Keenum
19%
2024 Bailey Zappe
17%
2004 Jeff Garcia
16%
2023 PJ Walker
16%
2015 Austin Davis
14%
2010 Jake Delhomme
14%
2016 Cody Kessler
13%
2013 Jason Campbell
13%
2005 Trent Dilfer
13%
2005–07 Charlie Frye
12%
2002–04 Kelly Holcomb
12%
2010–11 Seneca Wallace
12%
2000 Doug Pederson
11%
2000 Spergon Wynn
11%
2012 Thaddeus Lewis
11%
1999 Ty Detmer
11%
2023 Jeff Driskel
10%
2017 Kevin Hogan
10%
2021 Nick Mullens
10%
2014 Connor Shaw
9%
2008 Bruce Gradkowski
8%
2008 Ken Dorsey
8%
No matching quizzes found
Score Distribution
Percent of People with Each Score
Percentile by Number Answered
Your Score History
You have not taken this quiz since the last reset